书目信息 |
| 书名: | Topology | |
| 作者: | Murray Eisenberg. | |
| 分册号: | ||
| 分册名: | 出版地: |
|
| 出版社: | ||
| 出版时间: | 1974. | |
| 页数: | ||
| 开本: | ||
| 丛书名: | ||
| 中图分类号: | ||
| 科图分类号: | ||
| 其他分类号: | O18:H31 | |
| 主题词: | ||
| 电子资源: | ||
| 000 | 00400cam 2200169 a 4500 | |
| 001 | E0759932846 | |
| 003 | DLC | |
| 005 | 20070303101749.06 | |
| 008 | 020619s1987 ctuaf b 00110 engsu | |
| 020 | @cCNY2.00. | |
| 043 | @aa-cc--- | |
| 050 | 00 | @aDS754@b.N4 1987 |
| 090 | @aO18:H31 | |
| 099 | @dO18:H31@ex36 | |
| 100 | 1 | @aEisenberg, Murray. |
| 245 | 10 | @aTopology / @cMurray Eisenberg. |
| 260 | @c1974. | |
| Topology / / Murray Eisenberg.-1974. |
| ISBN CNY2.00. |
| ● |
| 相关链接 |
|
|
|
|
正题名:Topology
索取号:O18:H31/x36
 
预约/预借
| 序号 | 登录号 | 条形码 | 馆藏地/架位号 | 状态 | 备注 |
| 1 | 49043 | 001304314 | 第四借阅区/ [索取号:O18:H31/x36] | 在馆 | |
| 2 | 49044 | 202463011 | 第四借阅区/ [索取号:O18:H31/x36] | 在馆 |